00904nam0a22002651 4500001001100000005001700011021001900028035002600047100004100073101000800114102000700122105001800129200011400147210004900261215002800310225001700338300004300355606002100398700010200419702002300521702003500544801001800579801002200597852001900619rc\338241620260407064938.0 aRUb[73-89485] a(NLR Aleph) 007534820 a20130115d1973 |||y0rusy50 ca0 arus aRU aa z |||a|1 aМир животныхeРассказы о птицахfХудож. А. Блох, Б. Жутовский a[МоскваcМол. гвардияd1973] a378, [5] с.cил.d231 aЭврика aНа пер. авт. не указан aПтицы2psbo 18rus7caaАкимушкинbИ. И.f1929-1993gИгорь Иванович3RU\NLR\AUTH\7715554 1aБлохbА.4440 1aЖутовскийbС.4440 0aRUbNLRgpsbo 1aRUbELAR2rusmarc aNLRj73-7/1390